LEADER 00826cam0-2200265---450 001 990005855310403321 005 20200108144014.0 035 $a000585531 100 $a19990604d1981----km-y0itay50------ba 101 0 $aeng 102 $aUS 105 $a--------001yy 200 1 $aVolitionality and subject in Bengali$ea study of semantic parameters in grammatical process$fby M. H. Klaiman 210 $aBloomington$cIndiana University Linguistics Club$d1981 215 $aIV, 140 p.$d27 cm 610 0 $aLingua bengali$aGrammatica 676 $a491.44$v22$zita 700 1$aKlaiman,$bM. H.$0162678 801 0$aIT$bUNINA$gRICA$2UNIMARC 901 $aBK 912 $a990005855310403321 952 $a491.4 KLA 1$bBibl.8716$fFLFBC 959 $aFLFBC 996 $aVolitionality and subject in Bengali$9565481 997 $aUNINA LEADER 04097nam 2200601 450 001 9910788038803321 005 20200520144314.0 010 $a90-04-27710-2 035 $a(CKB)2670000000578885 035 $a(EBL)1877193 035 $a(SSID)ssj0001381452 035 $a(PQKBManifestationID)11766691 035 $a(PQKBTitleCode)TC0001381452 035 $a(PQKBWorkID)11391970 035 $a(PQKB)10602394 035 $a(MiAaPQ)EBC1877193 035 $a(nllekb)BRILL9789004277106 035 $a(Au-PeEL)EBL1877193 035 $a(CaPaEBR)ebr10992594 035 $a(CaONFJC)MIL666148 035 $a(OCoLC)897378866 035 $a(PPN)184928737 035 $a(EXLCZ)992670000000578885 100 $a20141216h20152015 uy 0 101 0 $aeng 135 $aurcnu|||||||| 181 $ctxt 182 $cc 183 $acr 200 00$aInvestigating operational incidents in a military context $elaw, justice, politics /$fedited by David W. Lovell ; contributors, Thomas E. Ayres [and nine others] 210 1$aLeiden, Netherlands :$cBrill Nijhoff,$d2015. 210 4$d©2015 215 $a1 online resource (273 p.) 225 1 $aInternational Humanitarian Law Series ;$vVolume 43 300 $aDescription based upon print version of record. 311 $a1-322-34866-9 311 $a90-04-27709-9 320 $aIncludes bibliographical references and index. 327 $tPreliminary material /$rEditors Investigating Operational Incidents in a Military Context: Law, Justice, Politics --$tIntroduction: The Challenges of Investigating Operational Incidents /$rDavid W. Lovell --$tA Strategic Commander?s Perspective /$rRear Admiral James Goldrick --$tBloody Sunday: Politics, Truth and Justice in the Widgery and Saville Inquiries /$rDavid Blaazer --$tThe Maxim of Thucydides: Transparency, Fact-Finding, and Accountability in East Timor /$rClinton Fernandes --$tThe UK in Basra and the Death of Baha Mousa /$rRachel Kerr --$tHaditha: A Case Study in Response to War Crimes /$rTom Ayres --$tInvestigating Violations of International Human Rights Law and International Humanitarian Law through an International Commission of Inquiry: Libya and Beyond /$rAnnemarie Devereux --$tEthics or Politics? The Palmer Commission Report on the 2010 Gaza Flotilla Incident /$rDeane-Peter Baker --$tThe Challenges of Green-on-Blue Investigations in Afghanistan /$rClive Williams --$tThe Tension between Secrecy and Transparency: Investigations in the ?Wiki Age? /$rDavid W. Lovell --$tThe Emerging Paradigm for Operational Incident Investigation /$rRob McLaughlin --$tBibliography /$rEditors Investigating Operational Incidents in a Military Context: Law, Justice, Politics --$tIndex /$rEditors Investigating Operational Incidents in a Military Context: Law, Justice, Politics. 330 $a?Operational incidents? denotes misconduct, misdeeds or mishaps that occur on military operations, whether concerning the mistreatment of enemy soldiers, offences against civilians, conflict of varying levels within one?s own forces, or accidents that lead to injury or death within a theatre of operations. Alleged breaches of IHL or the disciplinary regulations of particular militaries require at the very least an initial assessment to determine the facts and then, if warranted, a more substantial investigation. The need for robust investigations, however, is not always matched by the will and the ability to undertake them. There is at last a sufficient body of experience on which we can reflect, in this volume, on such investigations, their challenges, and their likely evolution. 410 0$aInternational humanitarian law series ;$vVolume 43. 606 $aWar crimes investigation 615 0$aWar crimes investigation. 676 $a363.25/938 702 $aLovell$b David W.$f1956- 702 $aAyres$b Thomas E. 801 0$bMiAaPQ 801 1$bMiAaPQ 801 2$bMiAaPQ 906 $aBOOK 912 $a9910788038803321 996 $aInvestigating operational incidents in a military context$93814575 997 $aUNINA LEADER 03546nam 2200661 450 001 9910825486703321 005 20230207232518.0 010 $a3-486-71932-7 024 7 $a10.1524/9783486719321 035 $a(CKB)2550000001301282 035 $a(EBL)3045868 035 $a(OCoLC)922949379 035 $a(SSID)ssj0000782479 035 $a(PQKBManifestationID)12281607 035 $a(PQKBTitleCode)TC0000782479 035 $a(PQKBWorkID)10746113 035 $a(PQKB)11076305 035 $a(MiAaPQ)EBC3045868 035 $a(DE-B1597)233079 035 $a(OCoLC)979595957 035 $a(DE-B1597)9783486719321 035 $a(Au-PeEL)EBL3045868 035 $a(CaPaEBR)ebr10874784 035 $a(CaONFJC)MIL610382 035 $a(EXLCZ)992550000001301282 100 $a20140531h20102010 uy 0 101 0 $ager 135 $aur|n|---||||| 181 $ctxt 182 $cc 183 $acr 200 14$aDer sozialstaat $eEntstehung entwicklung im und internationalen vergleich /$fGerhard A. Ritter 205 $aDritte, erweiterte Auflage. 210 1$aMunich, Germany :$cR. Oldenbourg Verlag Mu?nchen,$d2010. 210 4$d©2010 215 $a1 online resource (293 p.) 300 $aDescription based upon print version of record. 311 $a3-486-59817-1 320 $aIncludes bibliographical references and index. 327 $tFront Matter -- $tI. Einleitung -- $tII. Armenpflege und allgemeine Wohlfahrt vom Mittelalter bis zum Ende des 18. Jahrhunderts -- $tIII. Der Wandel des Armenwesens und die Entstehung neuer Formen kollektiver Selbsthilfe beim Übergang zur Industriegesellschaft -- $tIV. Die Reform des traditionellen Systems sozialer Sicherheit vor dem Ersten Weltkrieg -- $tV. Ausbau und Krise des Sozialstaates in der Zwischenkriegszeit -- $tVI. Entwicklungstendenzen und Probleme des Sozialstaates seit dem Zweiten Weltkrieg -- $tBack Matter 330 $aGerhard A. Ritters Standardwerk über Entstehung und Entwicklung des Sozialstaats seit der Frühen Neuzeit ist so aktuell wie nie. Die öffentlichen Debatten über Sozialtransfers, Gesundheitskosten und die angemessene Höhe von Hartz-IV-Leistungen schlagen hohe Wellen - nicht nur in Deutschland. Der Autor gibt einen Überblick über die Herausbildung des modernen Sozialstaats im Spannungsfeld von Industrialisierung, gesellschaftlichem Wandel und wechselnden sozialen und politischen Kräften. Unterschiede in den Systemen sozialer Sicherung und der Arbeitsbeziehungen in Deutschland, Großbritannien, Frankreich, Skandinavien, den Vereinigten Staaten und Japan werden so deutlich und nachvollziehbar. Die neue Auflage des Bandes wird durch einen Essay erweitert, der die aktuellen Probleme des Sozialstaats, ausgelöst durch die demographische Entwicklung, den Wandel der Arbeitswelt, die Globalisierung und Europäisierung sowie die Kosten der deutschen Einheit, darstellt und die Position des deutschen Sozialstaats im internationalen Vergleich erörtert. 606 $aWelfare state$xHistory 606 $aPublic welfare$xHistory 606 $aSocial policy$vCross-cultural studies 607 $aGermany$xSocial conditions 615 0$aWelfare state$xHistory. 615 0$aPublic welfare$xHistory. 615 0$aSocial policy 676 $a361.65 686 $aQX 000$2rvk 700 $aRitter$b Gerhard Albert$0127803 801 0$bMiAaPQ 801 1$bMiAaPQ 801 2$bMiAaPQ 906 $aBOOK 912 $a9910825486703321 996 $aDer sozialstaat$93963822 997 $aUNINA